000 01314nam a2200301 i 4500
003 DO-SdBNP
005 20230719080940.0
006 a||||gr|||| 00| 0
007 ta
008 230704t2000 dr adbo| |||| 00| 0 spa d
020 _a9994540038x
040 _aDO-SdBNP
_bspa
_cBNPHU
_erda
082 4 _222
_bH557h
245 _aHistoria y Geografía dominicana de hoy:
_bsegundo grado. segundo ciclo del nivel medio. /
_cRicardo Henández, Alejandro Hernández Grullón; colaboradores: Benito García, Henry Ml. Vargas; ilustraciones y fotografías: Ramón Sandoval, Deyanira Feliz Moreno, producción editorial: María de Jesús de la Rosa
264 _aSanto Domingo :
_bActualidad Escolar,
_c©2000
300 _a224 páginas :
_cIlustraciones, gráficas, mapas, fotografías ;
_e28 cm
336 _2rdaconten
_atexto
_btxt
337 _2rdamedia
_asin medición
_bn
338 _2rdacarrier
_avolumen
_bnc
504 _a224
700 1 _944157
_aHernández Grullón, Alejandro
700 1 _aGarcía, Benito,
_ecolaborador
_983684
700 1 _aVargas, Henry Ml.,
_ecolaborador
_983685
700 1 _910955
_aSandoval, Ramón,
_eilustraciones, fotografías
700 1 _aFéliz Moreno, Deyanira,
_eilustraciones, fotografías
_973056
700 1 _929833
_aJesús de la Rosa, María del,
_eeditor
942 _2ddc
_cLBS1
999 _c54080
_d54080